Absence of mind : (Record no. 76398)

MARC details
000 -LEADER
fixed length control field 00982nam a22002537a 4500
005 - DATE AND TIME OF LATEST TRANSACTION
control field 20130617105734.0
010 ## - LCCN (DPL NO)
LC control number ENG-107492
020 ## - INTERNATIONAL STANDARD BOOK NUMBER
International Standard Book Number 9780300171471
Terms of availability 947.00
035 ## - SYSTEM CONTROL NUMBER
System control number EN-91025
037 ## - SOURCE OF ACQUISITION
Source of stock number/acquisition DBAD/PUB
082 ## - DEWEY DECIMAL CLASSIFICATION NUMBER
Classification number 201.65
100 ## - MAIN ENTRY--PERSONAL NAME
Personal name Robinson, Marilynne
245 ## - TITLE STATEMENT
Title Absence of mind :
Statement of responsibility, etc by Marilynne Robinson
Remainder of title the dispelling of inwardness from the modern myth of the self /
260 ## - PUBLICATION, DISTRIBUTION, ETC. (IMPRINT)
Place of publication, distribution, etc London
Name of publisher, distributor, etc Yale University Press
Date of publication, distribution, etc 2010
300 ## - PHYSICAL DESCRIPTION
Extent xviii,158p.
Dimensions 21cm(pbk)
490 ## - SERIES STATEMENT
Series statement The Terry lecture series
500 ## - GENERAL NOTE
General note Includes bibliographical references and index
500 ## - GENERAL NOTE
General note Essays from the lectures delivered at Yale University, the Dwight Harrington Terry Foundation.
505 ## - FORMATTED CONTENTS NOTE
Formatted contents note Introduction -- On human nature -- The strange history of altruism -- The Freudian self -- Thinking again.
650 ## - SUBJECT ADDED ENTRY--TOPICAL TERM
Topical term or geographic name as entry element Religion and science.
650 ## - SUBJECT ADDED ENTRY--TOPICAL TERM
Topical term or geographic name as entry element Philosophy, Modern.
650 ## - SUBJECT ADDED ENTRY--TOPICAL TERM
Topical term or geographic name as entry element Thought and thinking.
942 ## - ADDED ENTRY ELEMENTS (KOHA)
Source of classification or shelving scheme Dewey Decimal Classification
Item type English Books
Call number suffix ROB
Classification part 201.65
Holdings
Withdrawn status Lost status Not for loan Collection code Home library Current library Date acquired Source of acquisition Cost, normal purchase price Full call number Barcode Copy number Cost, replacement price Koha item type
    Not For Loan Non-fiction D.B.Act.Division D.B.Act.Division 31/05/2013 DBAD/PUB 947.00 201.65 ROB EN-91025 1 947.00 English Books

© Delhi Public Library
Hit Counter
free hit counter